Study of maintenance problems in ITE Institutes /
Saved in:
| 主要作者: | |
|---|---|
| 格式: | Thesis 图书 |
| 语言: | English |
| 出版: |
1994.
|
| 主题: | |
| 标签: |
添加标签
没有标签, 成为第一个标记此记录!
|
| LEADER | 00958cam a2200277 a 4500 | ||
|---|---|---|---|
| 001 | u368663 | ||
| 003 | SIRSI | ||
| 008 | 950306s1994 si v 00 1 eng m | ||
| 035 | |a ABV-2726 | ||
| 040 | |a UMM | ||
| 043 | |a a-si--- | ||
| 090 | |a LB3223.5 |b S55Lim | ||
| 100 | 1 | 0 | |a Lim, Cheng Siong. |
| 245 | 1 | 0 | |a Study of maintenance problems in ITE Institutes / |c by Lim Cheng Siong. |
| 260 | |c 1994. | ||
| 300 | |a ix, 123 leaves : |b ill. ; |c 30 cm. | ||
| 500 | |a Photocopy. | ||
| 502 | |a Dissertation (M.Sc.) -- National University of Singapore, 1994. | ||
| 504 | |a Bibliography: leaves 96-98. | ||
| 610 | 2 | 0 | |a Institute of Technical Education (Singapore) |x Buildings. |
| 650 | 0 | |a College buildings |z Singapore |x Maintenance and repair. | |
| 650 | 0 | |a Technical institutes |z Singapore. | |
| 650 | 0 | |a Buildings |x Maintenance. | |
| 948 | |a 06/03/1995 |b 25/11/2000 | ||
| 596 | |a 1 | ||
| 999 | |a LB3223.5 S55LIM |w LC |c 1 |i A505565311 |d 13/7/2000 |l STACKS |m P01UTAMA |n 2 |r Y |s Y |t TESIS |u 22/4/1996 | ||
